Все романы о Мегрэ: В 22 т.; Т. 2; Цена головы; Желтый пёс; Ночь на перекрестке; Преступление в Голландии

Bibliographische Detailangaben
1. Verfasser: Сименон Ж. Жорж
Weitere Verfasser: Уваров Ю. П. (составитель), Шрайбер Э. Л. (редактор), Корнеев Ю. Б. (иллюстратор), Бик
Zusammenfassung:На пер. авт. не указан
Sprache:Russisch
Veröffentlicht: Москва, Российское право, 1992
TOC:Цена головы;
Желтый пёс;
Ночь на перекрестке;
Преступление в Голландии;
Schlagworte:
Format: Buch
KOHA link:https://koha.lib.tpu.ru/cgi-bin/koha/opac-detail.pl?biblionumber=156012

MARC

LEADER 00000nam0a2200000 4500
001 156012
005 20231101221857.0
010 |a 5726005929 
010 |a 5-7260-0612-7 
020 |a RU  |b 92-38380 
035 |a (RuTPU)RU\TPU\book\169201 
090 |a 156012 
100 |a 20090320g1992 m y0rusy5003 ca 
101 1 |a rus  |c fre 
102 |a RU 
105 |a a z 000ay 
200 1 |a Все романы о Мегрэ  |e В 22 т.  |h Т. 2  |f Ж. Сименон  |g сост. Ю. П. Уваров, Э. Л. Шрайбер ; под ред. Ю. Б. Корнеева ; худож. Бик 
210 |a Москва  |c Российское право  |d 1992 
215 |d 21 см  |e (ил.)  |a 414 с. 
300 |a На пер. авт. не указан 
464 |t Цена головы 
464 |t Желтый пёс 
464 |t Ночь на перекрестке 
464 |t Преступление в Голландии 
610 1 |a детективы 
610 1 |a французская литература 
675 |a 84  |z rus  |v 3 
700 1 |a Сименон  |b Ж.  |c французский писатель  |f 1903-1989  |g Жорж  |2 stltpush  |3 (RuTPU)RU\TPU\pers\14821  |9 4998 
702 1 |a Уваров  |b Ю. П.  |4 220 
702 1 |a Шрайбер  |b Э. Л.  |4 220 
702 1 |a Корнеев  |b Ю. Б.  |4 340 
702 1 |a Бик  |4 440 
801 0 |a RU  |b RuMRKP  |c 19950413  |g psbo 
801 1 |a RU  |b 63413507  |c 20090320  |g PSBO 
801 2 |a RU  |b 63413507  |c 20090529  |g PSBO 
942 |c BK